Algebra lineal / (Record no. 80600)

MARC details
000 -LEADER
campo de control de longitud fija 00594nam a2200193 i 4500
001 - NÚMERO DE CONTROL
campo de control 80600
003 - IDENTIFICADOR DE NÚMERO DE CONTROL
campo de control ES-MaACL
005 - FECHA Y HORA DE LA ÚLTIMA TRANSACCIÓN
campo de control 20230906174242.0
007 - CAMPO FIJO DE DESCRIPCIÓN FÍSICA--INFORMACIÓN GENERAL
campo de control de longitud fija t|
008 - DATOS DE LONGITUD FIJA--INFORMACIÓN GENERAL
campo de control de longitud fija 041028s1972 sp ||||1| spa d
100 1# - ENTRADA PRINCIPAL--NOMBRE DE PERSONA
Nombre de persona Hoffman, Kenneth.
9 (RLIN) 63945
245 10 - MENCIÓN DEL TÍTULO
Título Algebra lineal /
Mención de responsabilidad, etc. Kenneth Hoffman, Ray Kunze ; traducción y adaptación Hugo Finsterbusch.
260 ## - PUBLICACIÓN, DISTRIBUCIÓN, ETC.
Lugar de publicación, distribución, etc. Madrid :
Nombre del editor, distribuidor, etc. Prentice-Hall,
Fecha de publicación, distribución, etc. [1972]
300 ## - DESCRIPCIÓN FÍSICA
Extensión XIII, 400 p. ;
Dimensiones 24 cm.
650 #4 - PUNTO DE ACCESO ADICIONAL DE MATERIA--TÉRMINO DE MATERIA
Término de materia o nombre geográfico como elemento de entrada Álgebra lineal.
9 (RLIN) 155319
700 1# - ENTRADA AGREGADA--NOMBRE PERSONAL
Nombre de persona Kunze, Ray.
9 (RLIN) 69041
700 1# - ENTRADA AGREGADA--NOMBRE PERSONAL
Nombre de persona Finsterbusch, Hugo.
9 (RLIN) 50927
852 ## - LOCALIZACIÓN
Ubicación ES-MaACL
Número de control de estantería E-7635
Sublocalización o colección R.92059
Holdings
Estatus retirado Estado de pérdida Estado de daño No para préstamo Biblioteca de origen Biblioteca actual Ubicación en estantería Fecha de adquisición Fuente de adquisición Total de préstamos Signatura topográfica completa Código de barras Visto por última vez Precio de reemplazo Tipo de ítem Koha
        Biblioteca del Ateneo de Madrid Biblioteca del Ateneo de Madrid Depósito 2 17/01/2008     E-7635 1084267 23/02/2023 23/02/2023 Libro impreso